Inovačný manažment /

Enregistré dans:
Détails bibliographiques
Auteur principal: Mesárošová, Jana, 1984- (Auteur)
Format: Livre
Langue:slovaque
Publié: Trnava : AlumniPress, 2023
Édition:1. vyd.
Sujets:
Tags: Ajouter un tag
Pas de tags, Soyez le premier à ajouter un tag!

MARC

LEADER 00000nam a22000003a 4500
001 0106964
003 SK-STU
005 20241122084649.2
007 ta
008 231214s ----xo-----e------000-0-----d
020 |a 978-80-8096-299-9 
035 |a biblio/1106114  |2 CREPC2 
040 |a STU  |b slo 
041 0 |a slo 
044 |a xo 
100 1 |a Mesárošová, Jana,  |d 1984-  |u 064000  |4 aut  |9 100  |r Z1  |U MTF Materiálovotechnologická fakulta  |T MTF Ústav priemyselného inžinierstva a manažmentu  |X 33022  |U M4000  |Y 84  |7 A000033022 
242 0 1 |a Innovation management 
245 1 0 |a Inovačný manažment /  |c aut. Jana Mesárošová 
250 |a 1. vyd. 
260 |a Trnava :  |b AlumniPress,  |c 2023 
300 |a 190 s. (8,67 AH)  |9 8,67 
650 4 |a inovačný manažment 
650 4 |a manažment inovačný 
996 |b 284M089490  |c M* S-1751-1  |l MMKN  |s A  |a 24  |w 0106964_0001 
996 |c M* DigP-431  |l MMST  |s P  |a 0  |w 0106964_0002